[Event "Morelia/Linares 25th"]
[Site "Morelia/Linares"]
[Date "2008.02.28"]
[Round "8"]
[White "Anand, Viswanathan"]
[Black "Shirov, Alexei"]
[Result "1-0"]
[WhiteElo "2799"]
[BlackElo "2755"]
[Annotator "Rogozenco,D"]
[PlyCount "113"]
[EventDate "2008.02.15"]
[EventType "tourn"]
[EventRounds "14"]
[EventCountry "ESP"]
[EventCategory "21"]
[SourceTitle "CBM 123"]
[Source "ChessBase"]
[SourceDate "2008.04.02"]
[SourceVersion "1"]
[SourceVersionDate "2008.04.02"]
[SourceQuality "1"]

1. e4 c5 2. Nf3 Nc6 3. d4 cxd4 4. Nxd4 Nf6 5. Nc3 e5 6. Ndb5 d6 7. Bg5 a6 8.
Na3 b5 9. Nd5 Be7 10. Bxf6 Bxf6 11. c3 Bg5 12. Nc2 O-O 13. a4 bxa4 14. Rxa4 a5
15. Bc4 Rb8 16. b3 Kh8 17. Nce3 g6 {The main line of the Sveshnikov Sicilian
in the past few years.} 18. Qe2 $146 {A novelty in a position that has been
played about hundred times in practice. The main continuations are 18.0-0 and
lately 18.h4. 18.Qe2 is an attempt to improve on Karjakin's idea from the game
versus Shirov a few months ago at the World Cup. In that game the Ukrainian
intended to transfer the queen to the h-file. Anand keeps the possibility to
advance the h-pawn in a situation where the capture on h4 would be
unfavourable for Black.} (18. h4 Bxh4 19. g3 Bg5 20. Qe2 $146 (20. f4) 20... f5
21. f4 exf4 22. gxf4 Bh4+ 23. Kd1 Rb7 $13 {1/2-1/2 Karjakin,S-Shirov,A/
Khanty-Mansiysk 2007 (102)}) 18... f5 {The most principled answer.} (18... Be6
19. h4 Bxh4 20. g3 Bg5 21. f4 exf4 22. gxf4 Bh4+ 23. Kd1 $44) 19. h4 $1 Bxe3 ({
Taking on h4 clearly favours White:} 19... Bxh4 20. exf5 Bxf5 (20... gxf5 $4
21. Qh5 $18) 21. Nxf5 Rxf5 22. g3 Bg5 (22... Be7 23. Bb5 $1 $16) 23. Bd3 Rxb3 (
23... Rf8 $2 24. Rxh7+ Kxh7 25. Qh5+ Kg7 26. Qxg6+ Kh8 27. Qh7#) (23... Rf7 24.
Bxg6 Rg7 25. Be4 $16 Rxb3 $140 26. Bxh7 Rxh7 27. Rxh7+ Kxh7 28. Qc2+ $18) 24.
Bxf5 gxf5 25. Qc2 Qb8 (25... Rb5 26. Qxf5 $18) 26. O-O $16 {Black doesn't have
sufficient compensation for the exchange, since apart from threatening to take
on f5, White also threatens 27.Nb4.}) 20. Qxe3 fxe4 (20... f4 $5) 21. h5 ({
Nothing is achieved by} 21. Qxe4 Ne7 22. h5 Nxd5 23. Bxd5 {in view of} Rf4 24.
Qd3 Rxa4 25. bxa4 Qg5 26. O-O (26. hxg6 $2 Qc1+ $19) 26... gxh5 {[%cal Gh5h4,
Gh4h3]} 27. Be4 Qe7 28. Rd1 Rb6 29. Qd5 Bg4 30. f3 Be6 31. Qxa5 Rb2 $132) 21...
g5 (21... gxh5 22. Rxh5 Bf5 23. Qh6 $36) 22. Qxe4 Bb7 ({Black could also seek
compensation in variations like} 22... Ne7 23. Nxe7 Qxe7 24. Rxa5 {For
instance:} Rf4 $5 ({After} 24... Bb7 25. Qe3 Qc7 (25... Bxg2 26. Rg1 Bc6 27.
Qxg5 $16) 26. Ra7 Qc6 27. f3 g4 28. Be2 {White keeps the extra pawn, although
the position remains rather sharp.}) 25. Qe2 (25. Qe3 $4 Rxc4 26. bxc4 Rb1+ $19
) 25... Qc7 26. Ra2 (26. Ra1 Rxb3 $1) (26. Ra3 Bb7 $44) 26... Rxc4 (26... Bb7
$5 $44) 27. Qxc4 Qxc4 28. bxc4 Rb1+ 29. Ke2 Rxh1 30. Ra8 Rxh5 31. Rxc8+ Kg7 $11
) 23. Qe3 e4 {Played after long thought. Black must look for dynamic play and
Shirov sacrifices a pawn in order to free the e5-square for the knight.} ({
Again} 23... Ne7 {is possible and can lead to some of the previously mentioned
variations.}) 24. O-O Ne5 25. Rfa1 (25. Qxe4 {also gives Black resources for
counterplay:} Bc6 (25... Rf4 26. Qe3 Rh4 27. f4 Nxc4 28. Rxc4 $1 Bxd5 29. Qd4+
$16) 26. Raa1 (26. Ra2 a4 (26... Rf4 27. Qe3 Rh4 28. f4 gxf4 29. Nxf4 $16) 27.
Qd4 axb3 28. Rb2 Qe8 $132) 26... a4 $5 (26... Rf4 27. Qe3 Rh4 28. f4 gxf4 29.
Nxf4 a4 30. Rad1 $16) 27. Qd4 axb3 28. Rfb1 Qe8 $132) 25... Qe8 $1 ({The
alternative} 25... Nxc4 26. bxc4 Bxd5 27. cxd5 Rb2 {offers certain chances to
survive, although Black's task would have been unpleasant after} 28. Rxa5 {E.g.
} Qf6 ({or} 28... Rbxf2 29. R5a4) 29. Rf1 Qf5 30. Ra4 $16) 26. Rxa5 Qxh5 27.
Qxe4 Rbe8 {Shirov has activated all his pieces and achieved some compensation
for the pawn.} 28. Be2 Qh4 $2 {Pity. This very strange decision can be
explained only by the fact that Alexey was having problems with the time on
the clock.} ({After the correct} 28... g4 {(threatening check on f3)} 29. Qd4
Qg5 $1 {Black prepares the advance of the g-pawn, with sufficient play for the
pawn. For instance:} (29... Re6 $2 30. Nf4) 30. g3 (30. Ra7 $2 Bxd5 31. Qxd5 g3
$40) (30. b4 g3 31. fxg3 (31. f4 Qh4 $19) 31... Qxg3 32. Rf1 Rxf1+ 33. Kxf1
Bxd5 34. Rxd5 (34. Qxd5 Qf4+ 35. Kg1 Ng4 $19) 34... Kg8 $44 {[%cal Ge8f8]} (
34... Rf8+ 35. Bf3 Kg8 36. Qf2 Qf4 $44 {/=})) 30... Re6 {and White's extra
pawn is of little importance for the moment, since the main battlefield is on
the kingside.}) 29. Qxh4 gxh4 {In the endgame which arises, with a pawn down
and doubled h-pawns Black obviously has a tough struggle for a draw.} 30. Ne3
h3 {The best practical chance.} 31. gxh3 Nf3+ 32. Bxf3 Rxf3 33. Rh5 Rg8+ (33...
Ref8 34. Ra2 $16) 34. Kf1 Rgf8 35. Nd1 $1 (35. Ra2 $4 Rxe3 $19) ({Weaker is} 
35. Ra7 Be4) 35... Rd3 36. Rh4 $1 Bf3 37. Rd4 {Unfortunately for Shirov, White
is right in time to protect everything.} Rxd4 38. cxd4 Rf4 (38... Bxd1 39. Rxd1
Rf3 40. Rb1 Rxh3 41. Ke2 Rh5 42. b4 Rb5 43. d5 h5 44. Kd3 Rxd5+ 45. Kc4 $18)
39. Ne3 Rxd4 40. Ra4 $1 {Powerful play by Anand, who skilfully neutralizes
Black's activity.} Rd3 (40... Rxa4 41. bxa4 $18) 41. Rf4 Bh5 42. b4 d5 43. Kg2
Bg6 44. Nf5 $1 Kg8 (44... Bxf5 45. Rxf5 Rb3 {Wouldn't have changed the result:}
46. Rf4 Kg7 47. h4 Kg6 48. Kf1 Rb2 49. Ke1 {and Black is paralyzed, while the
white king will soon chase away the opponent's rook from the b-file.}) (44...
Rb3 45. Ne7 Be4+ 46. f3 $18) 45. Ne7+ Kg7 46. Nxg6 Kxg6 47. Rf3 $1 {The
quickest win.} Rd1 48. Rb3 d4 49. Kf3 d3 50. Ke3 Rh1 51. b5 Rxh3+ 52. f3 Rh1
53. b6 Re1+ 54. Kxd3 Re8 55. b7 Rb8 56. Ke4 h5 57. Kf4 1-0

[Event "Katrineholm"]
[Site "Katrineholm"]
[Date "1999.05.15"]
[Round "5"]
[White "Berg, Emanuel"]
[Black "Andersson, Ulf"]
[Result "0-1"]
[WhiteElo "2364"]
[BlackElo "2623"]
[Annotator "Rogozenco,D"]
[PlyCount "70"]
[EventDate "1999.05.??"]
[EventType "tourn"]
[EventRounds "9"]
[EventCountry "SWE"]
[EventCategory "12"]
[SourceTitle "CBM 071"]
[Source "ChessBase"]
[SourceDate "1999.08.01"]
[SourceVersion "1"]
[SourceVersionDate "1999.08.01"]
[SourceQuality "1"]

1. e4 c5 2. Nf3 Nc6 3. d4 cxd4 4. Nxd4 Nf6 5. Nc3 e5 6. Ndb5 h6 {A very rare
move, which Romanian Grandmaster Florin Gheorghiu used to play from time to
time in the past. However Andersson also played it before.} 7. Nd6+ (7. Nd5 {
Winants-Andersson/Tilburg/1993}) 7... Bxd6 8. Qxd6 Qe7 9. Qxe7+ Kxe7 10. b3 (
10. Be3 {is the alternative here, which looks somehow more sicilian, if I can
to say so.} d6 11. f3 a6 (11... Be6 12. O-O-O Rhd8 13. g4 Rac8 14. h4 Ne8 15.
g5 hxg5 16. hxg5 $14 {Stein-Myagmarsuren/Sousse izt/1967}) 12. O-O-O b5 13. g4
Be6 14. h4 Na5 15. b3 $14 {Mednis,E-Lombardy,W/New York 1969}) 10... d6 (10...
Nb4 11. Ba3 a5 12. O-O-O d6 13. f3 Bd7 14. Bb2 Rhc8 15. a3 Na6 16. Nb5 Ne8 17.
Kb1 Bxb5 18. Bxb5 Nec7 19. Be2 b5 20. Rd2 $14 {Sokolov,A-Gurgenidze,B/URS 1984}
) 11. Ba3 a6 (11... Be6 12. O-O-O Rhd8 13. f3 a6 14. Nd5+ Bxd5 15. exd5 Nd4 16.
c4 b5 17. Bd3 Rdc8 18. Rhe1 $14 {Mueller,K-Glienke,M/Dudweiler 1996}) 12. O-O-O
(12. Bd3 Be6 13. O-O b5 14. Nd1 Rhb8 15. Ne3 a5 $132 {Lutikov,A-Vasiukov,E/URS
1968}) 12... Rd8 13. Bc4 $6 (13. Nd5+ Nxd5 14. exd5 Nd4 15. c3 Nb5 16. Bb2 Bf5
17. c4 Rac8 $14) 13... Be6 14. Bd5 $6 {After this second inaccuracy White will
soon be forced to exchange his Bishop for the Knight on c6, after which Black
achieves a comfortable endgame.} (14. Nd5+ $142 Bxd5 15. Bxd5 (15. exd5 Na5 16.
Be2 b5 $13) 15... Rac8 $11) 14... Rac8 15. Kb2 b5 16. Bxc6 (16. Bxe6 $2 fxe6
17. b4 a5 18. Kb3 Nd4+ 19. Kb2 Rc4 $19) 16... Rxc6 17. Rd3 Rb8 (17... a5 18.
Nxb5 Nxe4 19. Rf1 $11) 18. Nd5+ Bxd5 19. exd5 Rcc8 20. Bb4 Ra8 21. Ba5 g5 $1 {
Black has an easier play, since the Bishop on a5 is misplaced and the pawn on
d5 is weak.} (21... Rc5 22. Rhd1 Ne4 (22... Ng4 23. Rg3 Nxf2 24. Rf1 Ne4 25.
Rxg7 Nf6 26. Be1 $1 $132) 23. Rf1 {doesn´t bring much.}) 22. Re1 Nd7 23. h4 $6
(23. Rh3 Rh8 24. Rc3 $1 $11) 23... g4 24. f4 $6 gxf3 25. gxf3 Rg8 $17 {Now
White´s position is difficult. Actually is only a technical problem for
Andersson, since the pawns d5, f3,h4 are very weak and Black is more active.}
26. f4 (26. h5 Rg5 27. Rh1 f5 28. Bd2 f4 $17) (26. Bd2 h5 $17) 26... Rac8 27.
fxe5 Nxe5 28. Bc3 f6 29. Re4 $6 (29. Bxe5 {Better to do it now, because later
White will be foerced to take on e5 under worse circumstances.} dxe5 (29...
fxe5 $17 30. Rd2 Rg4 31. Rf1 Rxh4 $2 (31... Rf8 $17) 32. Rdf2 $132) 30. d6+ Ke6
31. d7 Rcd8 32. Red1 Ke7 33. Rd6 {creating some counterplay, although Black
must be winning anyway.}) 29... h5 30. Rd2 Rg4 31. Rde2 Rc5 $19 32. Bxe5 dxe5
33. c4 bxc4 34. bxc4 Rxc4 35. Rxc4 Rxc4 0-1

[Event "Groningen Harmonie"]
[Site "Groningen"]
[Date "2002.12.30"]
[Round "9"]
[White "Werle, Jan"]
[Black "Ernst, Sipke"]
[Result "1-0"]
[WhiteElo "2434"]
[BlackElo "2497"]
[Annotator "Rogozenco,D"]
[PlyCount "71"]
[EventDate "2002.12.21"]
[EventType "tourn"]
[EventRounds "9"]
[EventCountry "NED"]
[EventCategory "10"]
[SourceTitle "CBM 093"]
[Source "ChessBase"]
[SourceDate "2003.04.01"]
[SourceVersion "1"]
[SourceVersionDate "2003.04.01"]
[SourceQuality "1"]

1. Nf3 c5 2. e4 Nc6 3. d4 cxd4 4. Nxd4 Nf6 5. Nc3 e5 6. Ndb5 d6 7. Bg5 a6 8.
Na3 b5 9. Bxf6 gxf6 10. Nd5 f5 11. Bd3 Be6 12. O-O Bxd5 13. exd5 Ne7 14. c3 Bg7
15. Qh5 e4 16. Bc2 O-O 17. Rae1 Qc8 18. Bb3 Rb8 $6 {Black cannot afford loss
of tempis. The immediate 18...a5 was possible without protecting b5 first.} (
18... a5 {when Black should not fear the temporary loss of b-pawn:} 19. Nxb5
$140 a4 20. Bd1 Qc5 {is known as good for Black since Nunn-McShane, Hastings
97/98.}) 19. Qg5 ({More logical is to bring the knight into play} 19. Nc2 $14)
19... Ng6 20. Nc2 Re8 21. Nd4 (21. f4 exf3 22. Rxe8+ Qxe8 23. Rxf3 f4 $13) (21.
Nb4 h6 $5) 21... h6 {The desire to exchange queens is understandable, but the
price of a pawn might be too high.} (21... Bxd4 22. cxd4 {[%csl Rc6][%cal
Ge1c1,Gc1c6]} f4 23. Rc1 Qd7 24. Rc6 a5 $13) 22. Qxf5 Bxd4 23. Qxc8 Rbxc8 24.
cxd4 Nf4 (24... a5 25. a4 b4 26. g3 $16) 25. Re3 f5 (25... Nd3 26. f3 $16) 26.
g3 (26. f3 $5) 26... Nh3+ $2 {Bad or good, the knight had to go to d3. Now it
will be completely out of play.} (26... Nd3 27. f3 {[%cal Gg3g4]} Nxb2 28. fxe4
fxe4 29. Rf6 (29. Re2 Nc4 30. Rf6 Kg7 31. Re6 Rxe6 32. dxe6 d5) 29... Rc1+ 30.
Kg2 Nc4 $132) 27. Kg2 Ng5 28. Bd1 $1 Kg7 29. h4 Nh7 30. Ra3 Ra8 31. Rc3 Rec8 $6
(31... Nf6 32. Rc7+ $1 $16 (32. Rc6 Red8 33. Bb3 a5 34. a3 a4 35. Ba2 b4 36.
axb4 Rab8 $132) 32... Kg6 $140 33. h5+ $1 Nxh5 34. Bxh5+ Kxh5 35. Rg7 {[%cal
Gf1h1] and mate next}) 32. Rc6 Rxc6 $2 33. dxc6 Rc8 34. d5 Kf6 35. f3 e3 36. f4
{[%csl Rh7]} 1-0

[Event "EU-ch 2nd"]
[Site "Ohrid"]
[Date "2001.06.11"]
[Round "10"]
[White "Kuzmin, Gennadi P"]
[Black "Czebe, Attila"]
[Result "0-1"]
[WhiteElo "2569"]
[BlackElo "2502"]
[Annotator "Rogozenco,D"]
[PlyCount "142"]
[EventDate "2001.06.01"]
[EventType "swiss"]
[EventRounds "13"]
[EventCountry "YUG"]
[SourceTitle "CBM 084"]
[Source "ChessBase"]
[SourceDate "2001.09.13"]
[SourceVersion "1"]
[SourceVersionDate "2001.09.13"]
[SourceQuality "1"]

1. e4 c5 2. Nf3 e6 3. d4 cxd4 4. Nxd4 Nf6 5. Nc3 Nc6 6. Ndb5 d6 7. Bf4 e5 8.
Bg5 a6 9. Na3 b5 10. Bxf6 gxf6 11. Nd5 f5 12. Bd3 Be6 13. O-O Bxd5 14. exd5 Ne7
15. c3 Bg7 16. Qh5 e4 17. Bc2 Qc8 18. Rad1 Qc5 19. Bb1 b4 20. cxb4 Qxb4 21. Nc2
{White sacs a pawn in order to win time to regroup the pieces.} Qxb2 22. Ne3
Qf6 23. f3 Bh6 24. Rfe1 Bxe3+ 25. Rxe3 Ng6 26. Qh6 Rb8 $146 {Another novelty
in the late middlegame.} ({Black was okay after} 26... Ke7 {for example:} 27.
Rf1 Rab8 28. g3 Rb2 29. fxe4 Rhb8 30. e5 Nxe5 31. Qxf6+ Kxf6 32. Bxf5 Kg7 {
1/2-1/2 Almasi,Z-Krasenkow,M/Pula 1997 (37)}) 27. Re2 (27. fxe4 $5 f4 28. e5
dxe5 29. Re2 $13) 27... Ke7 28. fxe4 f4 29. e5 {Again White is ready to give
up material, this time in order to open the e-file and the diagonal b1-h7.} (
29. Rf2 Ne5 $5 30. Qxf6+ Kxf6 31. Rxf4+ Ke7 $44) 29... Nxe5 30. Qh3 Rhg8 {
Black must rather start playing on the queenside.} (30... Rb4 $5) 31. Be4 Kf8 (
31... h6 32. Rf1 $14) 32. Rf1 Rg4 (32... h6 $14) 33. Qxh7 Re8 34. g3 Rg7 35.
Rxf4 Qg5 $2 (35... Qxf4 36. Qh8+ Rg8 37. Qxg8+ Kxg8 38. gxf4 Ng6 $11) 36. Qh4
Qxh4 37. Rxh4 Kg8 {[%mdl 8192]} 38. Kg2 $4 {Very painful blunder. White has of
course technical difficulties to win (strong knight on d5), but with an
accurate play it should be not such a big problem. After 38.Kg2 White is
pinned along e- and g-file.} (38. Rf4 $16) 38... Ng6 $1 $19 {Suddenly White is
lost. His problem is that after losing the exchange he must trade rooks as
well.} 39. Rg4 (39. Rh6 Nf4+ $19) (39. Bxg6 Rxe2+ 40. Kf3 Rxa2 {is hopeless as
well - the bishop has no good square. Still with rooks there are at least some
practical chances to escape.}) 39... f5 $1 40. Rxg6 Rxg6 41. Bd3 Rxe2+ 42. Bxe2
a5 43. a4 (43. Bd3 Rg4 44. Bxf5 Ra4 45. Bb1 Rb4 $19) 43... Kg7 44. Bb5 Kf6 45.
Kf3 Rg4 46. h4 Rb4 47. Bd7 Rd4 48. Bc6 Ke5 49. Ke3 f4+ 50. gxf4+ Rxf4 51. h5
Rh4 52. Kd3 Kf6 53. Be8 Ke7 54. Bc6 Kd8 55. Kc3 Kc7 56. Be8 Kb6 57. Kd3 Kc5 58.
Kc3 Kxd5 59. Kd3 Ke5 60. Ke3 Rf4 61. Bb5 Kf5 62. h6 Re4+ 63. Kf3 Rh4 64. h7 Kf6
65. Bd3 Kg7 66. Be4 Rh3+ 67. Ke2 Rh2+ 68. Ke1 Kf6 69. Bd3 Ke5 70. Bg6 Kf4 71.
Kf1 Ke3 0-1

[Event "Goodricke op 13th"]
[Site "Kolkata"]
[Date "2002.03.21"]
[Round "5"]
[White "Motylev, Alexander"]
[Black "Lalic, Bogdan"]
[Result "1-0"]
[WhiteElo "2639"]
[BlackElo "2523"]
[Annotator "Rogozenco,D"]
[PlyCount "87"]
[EventDate "2002.03.17"]
[EventType "swiss"]
[EventRounds "11"]
[EventCountry "IND"]
[SourceTitle "CBM 088"]
[Source "ChessBase"]
[SourceDate "2002.03.21"]
[SourceVersion "1"]
[SourceVersionDate "2002.03.21"]
[SourceQuality "1"]

{[%mdl 4]} 1. e4 c5 2. Nf3 Nc6 3. d4 cxd4 4. Nxd4 Nf6 5. Nc3 e5 6. Ndb5 d6 7.
Bg5 a6 8. Na3 b5 9. Bxf6 gxf6 10. Nd5 f5 11. Bd3 Be6 12. O-O Bxd5 13. exd5 Ne7
14. c3 Bg7 15. Qh5 e4 16. Bc2 O-O 17. Rae1 Qc8 18. Kh1 Ng6 19. Bb1 {This line
became lately White's main weapon against Sveshnikov Sicilian and in principle
Black was trying to survive, not more than that. It must be said that thanks
to the efforts of Michal Krasenkow Black succeeded to hold, but the position
has always been under a cloud of suspicion and finally White seems to have
found the right keys.} b4 (19... Re8 {After this main alternative to the text
Black also seems to have serious problems:} 20. Nc2 {Nijboer's novelty might
close the subject - White has a very strong initiative. Here is a recent
example:} Nf4 (20... f4 {is probably better, when after Nb4-c6 White has a
small, but stable advantage.}) 21. Qg5 Nxd5 22. Nd4 Ne7 23. f3 d5 24. g4 $1 $16
{Opens up the position and Black is in big trouble after it. In the game
Nijboer,F-Krasenkow,M/Wijk aan Zee 2002 (57) Black was very lucky to escape
later in a very exciting battle, but the opening outcome was clear - White is
close to winning after 24.g4.}) 20. cxb4 Bxb2 21. Nc2 Bc3 22. Re3 $1 $146 (22.
Re2 Bg7 23. f4 exf3 24. Qxf3 f4 $14 {1/2-1/2 Leko,P-Krasenkow,M/Batumi 1999 
(74)}) 22... Bg7 (22... Re8 23. Rh3 Nf8 24. Ne3 $18) 23. Rh3 h6 (23... Re8 24.
Ne3 (24. Qxh7+ Kf8 25. f4 {is also possible, but 24.Ne3 is stronger.}) 24...
Re5 25. f4 $18) 24. f4 {Black has a difficult position. His pawn formation was
weak even without playing h6, but after that move all White has to do is to
play g4 in order to get a decisive attack.} Ra7 25. g4 fxg4 26. Rg3 {I don't
see an escape for Black.} Ne7 (26... Rc7 27. f5 Ne5 28. f6 Bh8 29. Qxh6 Rxc2
30. Bxc2 Qxc2 31. Rfg1 Qe2 32. Rh3 $18) 27. f5 Nxd5 28. Qxg4 f6 29. Qxe4 {
Black is lost. All his pawns are weak, the B on g7 is "dead" and White has the
g-file for attack. On top of that white knight is ready to come to e6.} Nc3 30.
Qg2 Nxb1 31. Nd4 Nc3 32. Nc6 $1 Ne2 (32... Rc7 33. Rxc3 Re8 34. Rg1 $16 {/+-.})
33. Re3 $18 Nf4 34. Rxf4 Kh8 35. Nxa7 Qc1+ 36. Qg1 Qc7 37. Rg3 Qb7+ 38. Rg2 Rf7
39. Rc4 Qxa7 40. Qxa7 Rxa7 41. Rd2 Bf8 42. Rc8 Kg8 43. Rg2+ Kf7 44. Rgc2 1-0

[Event "Goodricke op 13th"]
[Site "Kolkata"]
[Date "2002.03.17"]
[Round "1"]
[White "Ramesh, Ramachandran B"]
[Black "Al Sayed, Mohammed"]
[Result "1/2-1/2"]
[WhiteElo "2480"]
[BlackElo "2413"]
[Annotator "Rogozenco,D"]
[PlyCount "147"]
[EventDate "2002.03.17"]
[EventType "swiss"]
[EventRounds "11"]
[EventCountry "IND"]
[SourceTitle "CBM 088"]
[Source "ChessBase"]
[SourceDate "2002.03.21"]
[SourceVersion "1"]
[SourceVersionDate "2002.03.21"]
[SourceQuality "1"]

1. e4 c5 2. Nf3 Nc6 3. d4 cxd4 4. Nxd4 Nf6 5. Nc3 e5 6. Ndb5 d6 7. Bg5 a6 8.
Na3 b5 9. Bxf6 gxf6 10. Nd5 f5 11. Bd3 Be6 12. O-O Bxd5 13. exd5 Ne7 14. c3 Bg7
15. Qh5 e4 16. Bc2 Qc8 17. Rae1 O-O 18. Kh1 Ng6 19. Bb1 Re8 20. Nc2 $1 f4 21.
Nb4 Re5 22. Qd1 Qc4 23. b3 Qxc3 24. Nc6 Ree8 $146 (24... f3 $2 25. Nxe5 fxg2+
26. Kxg2 Bxe5 27. Rxe4 $18 {1-0 Nijboer,F-Czebe,A/Ohrid 2001 (41)}) 25. Bxe4 a5
$1 {/\ 26. ... a4<=>} 26. a4 bxa4 27. bxa4 Qa3 {As the game shows, White is
better, but not easy to win, since without queenside pawns in almost any kind
of endgames Black has good chances to escape, even being a pawn down. A rather
typical development for the present line - Black is worse, but he escaped in
the end.} 28. Qc2 (28. Bd3 $5 {[%csl Ra4][%cal Gd3b5]}) 28... Qc3 29. Qb1 Qc4
30. Bxg6 $5 {A decision to get a safe advantage, playing for two results - win
for White or draw. I think chances are something like fifty-fifty. The next
moves look forced - White wins a pawn in the end, but as mentioned before, the
absence of queenside pawns increase Black's chances to escape.} hxg6 31. Qb5
Re4 32. f3 $1 Qxa4 33. Qb7 Ree8 34. Rxe8+ Rxe8 35. Qd7 Kf8 36. Qxd6+ Kg8 37.
Qc5 Bf8 (37... Ra8 38. d6 {looks dangerous for Black, but it is far from clear.
For instance:} Qb3 {/\ Qd3} 39. Qc1 {[%cal Gf1d1]} a4 $132 40. d7 Bf6 41. Re1 (
41. Qxf4 Kg7) 41... Kg7 42. Re8 Ra6 $13) 38. Qxa5 Qc4 39. Ra1 Qd3 40. h3 Bd6
41. Kh2 Kg7 42. Ra2 Qf1 43. Qc3+ Kg8 44. Qd4 Qe1 45. Qf2 Qd1 46. Qd2 Re1 47.
Qxd1 Rxd1 48. Ra5 Kg7 49. Rb5 Kf6 50. Nd8 Bc7 51. Nc6 Kg7 52. Rb7 Bd6 53. Nd8
Kg8 54. Nxf7 (54. Rd7 Bc5 (54... Rxd5 55. Nxf7 $18) 55. h4 f5 (55... Bf2 56.
Nxf7 Bxh4 57. Ne5 $18) 56. g3 $16) 54... Bc5 55. h4 Rxd5 56. Nh6+ $2 (56. Ng5
$16) 56... Kf8 57. Kh3 (57. Ng4 Rh5 58. g3 fxg3+ 59. Kxg3 Be7 $11) (57. Rf7+
Ke8 58. Rh7 Rh5 59. Ng8 (59. Ng4 Be7) 59... Bd4 $1 ({worse is} 59... Rxh7 60.
Nf6+ Kf7 61. Nxh7 {when White has more possibilities thanks to the fact that
square g4 might be available for white king.}) 60. Rxh5 gxh5 {is similar to
the game.}) 57... Rh5 58. Rb5 Kg7 59. Ng4 Be7 60. Rxh5 gxh5 $11 61. Nf2 Kg6 62.
Ne4 Bd8 63. g3 fxg3 64. Kxg3 Bc7+ 65. Kg2 Bd8 66. Kh3 Bc7 67. Nc3 Kf5 68. Nd5
Ba5 69. Kh2 Ke5 70. Ne7 Be1 71. Kg2 Ke6 72. Ng6 Kf5 73. Ne7+ Ke6 74. Ng6
1/2-1/2